Insurance and Islamic law /
Saved in:
| Main Author: | |
|---|---|
| Format: | Thesis |
| Language: | English |
| Published: |
London, England :
University of London,
1966
|
| Subjects: | |
| Tags: |
Add Tag
No Tags, Be the first to tag this record!
|
| LEADER | 011470000a22002770004500 | ||
|---|---|---|---|
| 008 | 111117t1966 xxk f m 000 0 eng d | ||
| 040 | |a UIAM |b eng |e rda | ||
| 050 | 0 | 0 | |a HG8057 |
| 100 | 1 | |a Muslehuddin, Mohammad, |e author |9 122845 | |
| 245 | 1 | 0 | |a Insurance and Islamic law / |c by Mohammad Muslehuddin |
| 264 | 1 | |a London, England : |b University of London, |c 1966 | |
| 264 | 4 | |c c1966 | |
| 300 | |a 205 pages. ; |c 30 cm. | ||
| 336 | |2 rdacontent |a text | ||
| 337 | |2 rdamedia |a unmediated | ||
| 338 | |2 rdacarrier |a volume | ||
| 500 | |a "A thesis presented for the degree of Doctor of Philosophy in the Faculty of Laws University of London."-- On title page. | ||
| 502 | |a Thesis (Ph. D.) -- University of London, 1966. | ||
| 504 | |a Includes bibliographical references (p. 196-205) | ||
| 650 | 0 | |a Insurance |x Religious aspects Islam |9 34181 | |
| 650 | 0 | |a Insurance law (Islamic law) |9 2311 | |
| 655 | 0 | 7 | |a Theses, Facsimile edition (Islamic) |
| 900 | |a hj-ls | ||
| 942 | |2 lcc |n 0 | ||
| 999 | |c 434758 |d 463421 | ||
| 952 | |0 0 |6 TI HG 008057 M987I 1966 |7 0 |8 THESES |9 754231 |a IIUM |b IIUM |c MULTIMEDIA |g 640.00 |o ti HG 8057 M987I 1966 |p 00011202316 |r 2017-10-23 |t 1 |v 640.00 |y THESIS | ||
